| 000 | 00473nam a2200133Ia 4500 | ||
|---|---|---|---|
| 008 | 171207s9999 xx 000 0 und d | ||
| 100 | _aAsthana, Sanjay | ||
| 245 | _aTranslation and localization of children’s rights in youth-produced digital media in the Global South: A hermeneutic exploration | ||
| 245 | _cSanjay Asthana | ||
| 260 | _c2017 | ||
| 300 | _apages 686-700, May 2017 | ||
| 440 |
_aNew Media & Society _v19:5 |
||
| 650 | _aCHILDREN'S RIGHTS, DIGITAL MEDIA | ||
| 999 |
_c347542 _d347542 |
||